000 00490nam a2200181Ia 4500
001 19760
005 20260306172716.0
008 260306t1999||||xx |||||||||||||| ||spa||
041 _aESP
082 _a341
_bV21
100 _aValencia Restrepo, Hernán
_eAUT
245 0 _aNomoárquica, principialística jurídica o los principios generales del derecho
260 _c1999
300 _axxxiii, 530 páginas :
_c24 cm.
650 _aGEN
654 _aCDE
942 _cLIB
_dJUS
_fJUS
_2ddc
_n
999 _c19760
_d19760